|
|
|
|
| LEADER |
00000cam a2200000 7i4500 |
| 001 |
0000000925 |
| 005 |
20001115.0 |
| 020 |
0 |
0 |
|a 818624736X
|
| 090 |
0 |
0 |
|a 633.580954
|b NAG 1998
|
| 100 |
1 |
0 |
|a NAGI
|h Kanwarjit
|
| 245 |
1 |
4 |
|a The status of bamboo and bamboo craft in Karjat, India, and strategies for deveopment
|c Kanwarjit Nagi
|
| 260 |
0 |
0 |
|a Beijing, China :
|b International Network for Bamboo and Rattan ,
|c 1998
|
| 300 |
|
|
|a 39 p. :
|b ill. ;
|c 28 cm.
|
| 440 |
0 |
0 |
|a INBAR working paper; n. 19
|
| 650 |
0 |
0 |
|a Bamboo work
|z India
|
| 650 |
0 |
0 |
|a Bamboo
|z India
|
| 710 |
1 |
1 |
|a International Network for Bamboo and Rattan (INBAR)
|
| 999 |
|
|
|a 0000002279
|b Monograph
|c Open Shelf
|e Default branch
|